000 00286nam a2200109Ia 4500
008 220204s9999 xx 000 0 und d
082 _a635.82
_bBHO
100 _aBhowmik, K L
245 0 _aMushroom cultivation manual
260 _aCalcutta
_bAction research Institute
_c1994
942 _cBK
999 _c40761
_d40761